The prostate book : sound advice on symptoms and treatment (Record no. 65935)

MARC details
000 -LEADER
fixed length control field 00744nam a2200217Ia 4500
008 - FIXED-LENGTH DATA ELEMENTS--GENERAL INFORMATION
fixed length control field 191130s2002##################000#0#eng##
020 ## - INTERNATIONAL STANDARD BOOK NUMBER
ISBN 9780393322712
082 ## - DEWEY DECIMAL CLASSIFICATION NUMBER
Classification number 616.6506 ROU
100 ## - MAIN ENTRY--AUTHOR NAME
Personal name Rous, Stephen N
245 ## - TITLE STATEMENT
Title The prostate book : sound advice on symptoms and treatment
Statement of responsibility, etc Stephen N. Rous ; illustrations by Betty Goodwin
250 ## - EDITION STATEMENT
Edition statement Newly revised and updated ed
260 ## - PUBLICATION, DISTRIBUTION, ETC. (IMPRINT)
Place of publication New York
Name of publisher W. W. Norton & Company
Year of publication 2002
300 ## - PHYSICAL DESCRIPTION
Number of Pages 272 p. ; 22 cm
500 ## - GENERAL NOTE
General note Previous ed.: Yonkers, N.Y.: Consumer Reports, 1994. Includes index
650 ## - SUBJECT ADDED ENTRY--TOPICAL TERM
Topical Term Prostate -- Diseases -- Popular works
700 ## - ADDED ENTRY--PERSONAL NAME
Personal name Goodwin, Betty
991 ## -
-- 146139
Holdings
Withdrawn status Lost status Damaged status Not for loan Home library Current library Shelving location Date acquired Full call number Accession Number Price effective from Koha item type
        Anna Centenary Library Anna Centenary Library 5TH FLOOR, B WING 09.10.2020 616.6506 ROU 345964 09.10.2020 English Books

Find us on the map